• 首页
  • 本馆介绍
  • 公告通知
  • 最新文献
  • 馆藏检索
  • 电子资源
  • 读者导购
  • 参考咨询
  • 我的图书馆
  • 登录
  • 详细信息显示
  • 放入我的书架
  • 预约/预借图书
  • 作者相关作品
  • 分类相关作品
  • 丛书相关作品
  • 出版社相关作品

书目信息

  • 表格格式
  • 工作单格式
  • 卡片格式
题名:
主要花卉育种技术
    
 
作者: 祝朋芳 编著
分册:  
出版信息: 北京   北京师范大学出版社  2011.1
页数: 248页
开本: 24cm
丛书名:
单 册:
中图分类: S680.36
科图分类:
主题词: 花卉--育种方法
电子资源:
ISBN: 978-7-303-12025-3
000 01101nam0 22002291 45
001 1355393811
005 20130513150226.07
010    @a978-7-303-12025-3@dCNY40.00
100    @a20130108d2011 em y0chiy0110 ea
101 0  @achi
102    @aCN@b110000
105    @ay z 000yy
106    @ar
200 1  @a主要花卉育种技术@AZhu Yao Hua Hui Yu Zhong Ji Shu@f祝朋芳编著@FZhu Peng Fang Bian Zhu
210    @a北京@c北京师范大学出版社@d2011.1
215    @a248页@d24cm
330    @a本书是关于花卉育种技术的应用类专业著作,选择了18种主要花卉,分为一、二年生草本、宿根花卉、球根花卉及木本花卉四大类别进行详细介绍,重点介绍了种质资源、繁殖生物学、主要性状的遗传规律、育种目标、育种方法。本书针对我国花卉栽培应用与育种的实际,立足于我国广泛分布的野生花卉资源和国际国内市场上已经广泛应用的优良栽培品种,着眼于18种主要花卉的繁殖技术、育种目标和育种方法,全书编排体系科学合理,基础理论与育种实践环环相扣,内容丰富,可操作性强,适用范围广。
606 0  @a花卉@x育种方法
690    @aS680.36@v5
701  0 @a祝朋芳@AZhu Peng Fang@4编著
801    @aCN@bTANGWEI@c20130109
905    @b0830929-31@dS680.36@e250@f3
    
    主要花卉育种技术/祝朋芳编著.-北京:北京师范大学出版社,2011.1
    248页;24cm
    
    
    ISBN 978-7-303-12025-3:CNY40.00
    本书是关于花卉育种技术的应用类专业著作,选择了18种主要花卉,分为一、二年生草本、宿根花卉、球根花卉及木本花卉四大类别进行详细介绍,重点介绍了种质资源、繁殖生物学、主要性状的遗传规律、育种目标、育种方法。本书针对我国花卉栽培应用与育种的实际,立足于我国广泛分布的野生花卉资源和国际国内市场上已经广泛应用的优良栽培品种,着眼于18种主要花卉的繁殖技术、育种目标和育种方法,全书编排体系科学合理,基础理论与育种实践环环相扣,内容丰富,可操作性强,适用范围广。
●
相关链接 在E读中查询图书 在五车中查询图书 在当当中查询图书 在豆瓣中查询图书


正题名:主要花卉育种技术     索取号:S680.36/250         预约/预借

序号 登录号 条形码 馆藏地/架位号 状态 备注
1 0830929   208309294   第二样本阅览室/ [索取号:S680.36/250] 在馆    
2 0830930   208309301   第三借阅区/ [索取号:S680.36/250] 在馆    
3 0830931   208309310   第三借阅区/ [索取号:S680.36/250] 在馆    
唐山师范学院图书馆 欢迎您!
大连网信软件有限公司© 版权所有